| 000 | 01115nam a22003257a 4500 | ||
|---|---|---|---|
| 001 | BR8204807 | ||
| 003 | BR-BrBNA | ||
| 005 | 20230928091427.0 | ||
| 007 | ta | ||
| 008 | 230509b bl.||||| |||| 00| 0 por d | ||
| 040 |
_aBR-BrBNA _bpor _cBiblioteca Nacional de Agricultura |
||
| 041 | _a(Por) | ||
| 072 |
_aE15 _b/G514 |
||
| 090 | _ E15 BR8204807 | ||
| 100 | 1 | _aPinho, D.B. (ed.) | |
| 110 | 1 | _aConselho Nacional de Desenvolvimento Cientifico e Tecnologico, Brasilia, DF (Brasil); | |
| 110 | 1 |
_aBanco Nacional de Credito Cooperativo, Brasilia, DF (Brasil); _91200 |
|
| 110 | 1 | _aFundacao Brasileira de Cooperativismo, Sao Paulo, SP; | |
| 110 | 1 | _aCooperativa Mista de Cultura e Trabalho Ltda., Sao Paulo, SP (Brasil) | |
| 245 | 1 |
_aO pensamento cooperativo e o cooperativismo brasileiro. Manual de cooperativismo _bv. 1 |
|
| 260 | 3 |
_aSao Paulo, SP (Brasil): _c1982. |
|
| 300 | _a272 p. | ||
| 650 | _aCOOPERATIVA | ||
| 650 | _aHISTORIA | ||
| 650 | _aASSOCIACAO RURAL | ||
| 650 | _aCOOPERATIVA DE CONSUMO | ||
| 650 | _aCOOPERATIVA DE CREDITO | ||
| 909 |
_a202309 _bLucia _c55 _dLucia Elande |
||
| 942 | _cBK | ||
| 999 |
_c33822 _d33822 |
||